000 00426nam a2200145Ia 4500
008 211109s9999||||xx |||||||||||||| ||und||
082 _a894.81207
_bVEN-K
100 _aVengail, Kunjiraman Nair
245 0 _aKesari
260 _bNATIONAL BOOKSTALL
_aKottayam
_c1900
300 _a170p.
630 _xGeneral Stack
650 _aMalayalam Literature
_vResearch in Malayalam LiteratureLiterary Research
_xGeneralia
942 _cBOOK
999 _c9825
_d9825